00289nam a22000977a 4500008004100000082002300041100002500064245006400089260002500153300001300178230605b xxu||||| |||| 00| 0 eng d a333.323096762bKNC cKenya Land Alliance aUnjust EnrichmentbThe making of land grabbing millionaires bKenya Land Alliance a26 pages